[Event "Stepan Avagyan Mem 2023"]
[Site "Jermuk ARM"]
[Date "2023.05.03"]
[Round "1.1"]
[White "Narayanan, S.L."]
[Black "Davtyan, Artur"]
[Result "1-0"]
[WhiteTitle "GM"]
[BlackTitle "IM"]
[WhiteElo "2661"]
[BlackElo "2506"]
[WhiteFideId "5058422"]
[BlackFideId "13308327"]
[EventDate "2023.05.03"]

1. c4 e5 2. Nc3 Nf6 3. Nf3 Nc6 4. g3 d5 5. cxd5 Nxd5 6. Bg2 Bc5 7. O-O O-O 8. d3
h6 9. Nxd5 Qxd5 10. a3 a5 11. Bd2 e4 12. Nh4 f5 13. Ng6 Re8 14. Nf4 Qd6 15. e3
exd3 16. Bc3 Be6 17. Nxe6 Rxe6 18. Qb3 a4 19. Qc4 Kh8 20. Rad1 Ne5 21. Qf4 c6
22. Qxf5 Rf8 23. Bxe5 Rxf5 24. Bxd6 Rxd6 25. Be4 Re5 26. Bxd3 Red5 27. Bc2 Rd2
28. Rxd2 Rxd2 29. Rc1 Bb6 30. Bg6 Rxb2 31. Rc4 Rd2 32. Rxa4 Rd6 33. Bf5 Rd1+ 34.
Kg2 Rd8 35. Rb4 Bc5 36. Rxb7 Bxa3 37. Rc7 c5 38. Bg6 Bb4 39. e4 Kg8 40. e5 Kf8
41. e6 c4 42. Rf7+ Kg8 43. Rb7 1-0

[Event "Stepan Avagyan Mem 2023"]
[Site "Jermuk ARM"]
[Date "2023.05.03"]
[Round "1.2"]
[White "Tabatabaei, M. Amin"]
[Black "Esipenko, Andrey"]
[Result "0-1"]
[WhiteTitle "GM"]
[BlackTitle "GM"]
[WhiteElo "2677"]
[BlackElo "2679"]
[WhiteFideId "12521213"]
[BlackFideId "24175439"]
[EventDate "2023.05.03"]

1. c4 e6 2. Nc3 d5 3. d4 Nf6 4. cxd5 exd5 5. Bg5 Be7 6. e3 O-O 7. Bd3 Re8 8.
Nge2 c6 9. O-O a5 10. f3 b5 11. Qd2 Nbd7 12. Rac1 Nf8 13. Bh4 Ne6 14. Bf2 Ba6
15. h3 Bf8 16. Qc2 g6 17. e4 Nh5 18. Be3 c5 19. Bxb5 Nxd4 20. Nxd4 cxd4 21. Bxd4
dxe4 22. Rcd1 Bxb5 23. Nxb5 e3 24. Nc3 Qc7 25. Rfe1 Bh6 26. g4 e2 27. Rxe2 Qg3+
28. Kh1 Qxf3+ 29. Kg1 Nf4 0-1

[Event "Stepan Avagyan Mem 2023"]
[Site "Jermuk ARM"]
[Date "2023.05.03"]
[Round "1.3"]
[White "Sevian, Samuel"]
[Black "Nguyen, Thai Dai Van"]
[Result "1-0"]
[WhiteTitle "GM"]
[BlackTitle "GM"]
[WhiteElo "2684"]
[BlackElo "2649"]
[WhiteFideId "2040506"]
[BlackFideId "358878"]
[EventDate "2023.05.03"]

1. d4 Nf6 2. c4 e6 3. g3 d5 4. Bg2 Be7 5. Nf3 O-O 6. O-O dxc4 7. Qc2 a6 8. a4
Bd7 9. Rd1 Bc6 10. Bf4 b5 11. Nc3 b4 12. Nb1 Bd5 13. Nbd2 b3 14. Qb1 Nbd7 15. e4
Bb7 16. Ne5 Nh5 17. Be3 f5 18. Nexc4 f4 19. gxf4 Bb4 20. Qd3 Nxf4 21. Bxf4 Rxf4
22. Qxb3 Qe7 23. Ne3 Raf8 24. f3 a5 25. Nc2 c5 26. Nxb4 axb4 27. Qe3 Qg5 28.
Rac1 cxd4 29. Qxd4 Ne5 30. Rc5 Bd5 31. Kh1 Rh4 32. Qg1 Nd3 33. Nf1 Nxc5 34. Qxc5
Rd8 35. exd5 b3 36. dxe6 Qxc5 37. Rxd8+ 1-0

[Event "Stepan Avagyan Mem 2023"]
[Site "Jermuk ARM"]
[Date "2023.05.03"]
[Round "1.4"]
[White "Martirosyan, Haik M."]
[Black "Hovhannisyan, Robert"]
[Result "1/2-1/2"]
[WhiteTitle "GM"]
[BlackTitle "GM"]
[WhiteElo "2675"]
[BlackElo "2596"]
[WhiteFideId "13306553"]
[BlackFideId "13302507"]
[EventDate "2023.05.03"]

1. c4 e5 2. Nc3 Bb4 3. Nd5 Be7 4. Nf3 d6 5. g3 Nf6 6. Nc3 c5 7. Bg2 Nc6 8. d3 h6
9. Nd2 Be6 10. Nd5 Qd7 11. Nb1 Bd8 12. h3 O-O 13. Nbc3 Rb8 14. Bd2 a6 15. a4 Nh7
16. f4 Ba5 17. g4 f5 18. gxf5 Bxf5 19. e4 Be6 20. f5 Bxd5 21. cxd5 Nd4 22. O-O
Rf6 23. Be3 g6 24. Kh2 Kh8 25. fxg6 Rxg6 26. Bxd4 cxd4 27. Ne2 Rbg8 28. Bh1 Qe7
29. Rf5 Qh4 30. Qf1 Nf6 31. Bf3 Bd2 32. Rd1 Be3 33. Qe1 Bf2 34. Qf1 Be3 35. Qe1
Bf2 36. Qf1 R6g7 37. b4 Be3 38. Qe1 Bf2 39. Qf1 Be3 40. Qe1 Bf2 41. Qf1 1/2-1/2

[Event "Stepan Avagyan Mem 2023"]
[Site "Jermuk ARM"]
[Date "2023.05.03"]
[Round "1.5"]
[White "Svane, Frederik"]
[Black "Yakubboev, Nodirbek"]
[Result "1/2-1/2"]
[WhiteTitle "GM"]
[BlackTitle "GM"]
[WhiteElo "2600"]
[BlackElo "2630"]
[WhiteFideId "12923044"]
[BlackFideId "14203987"]
[EventDate "2023.05.03"]

1. e4 c5 2. Nf3 Nc6 3. Nc3 g6 4. d4 cxd4 5. Nxd4 Bg7 6. Be3 Nf6 7. Bc4 O-O 8.
Bb3 Re8 9. h3 d6 10. a4 Bd7 11. O-O Nxd4 12. Bxd4 Bc6 13. f4 Qa5 14. e5 Nh5 15.
f5 e6 16. exd6 exf5 17. Bxg7 Nxg7 18. Qd4 Ne6 19. Bxe6 Rxe6 20. Rad1 Rd8 21. b4
Qb6 22. b5 Be4 23. Qxb6 axb6 24. Nxe4 fxe4 25. d7 Kf8 26. Kf2 Ke7 27. Ke3 f6 28.
g4 Rxd7 29. Rxd7+ Kxd7 30. Rd1+ Ke8 31. Rd5 Ke7 32. h4 Rd6 33. Kxe4 Ke6 34.
Rxd6+ Kxd6 35. Kd4 Ke6 36. Ke4 1/2-1/2

[Event "Stepan Avagyan Mem 2023"]
[Site "Jermuk ARM"]
[Date "2023.05.04"]
[Round "2.1"]
[White "Davtyan, Artur"]
[Black "Yakubboev, Nodirbek"]
[Result "1/2-1/2"]
[WhiteTitle "IM"]
[BlackTitle "GM"]
[WhiteElo "2506"]
[BlackElo "2630"]
[WhiteFideId "13308327"]
[BlackFideId "14203987"]
[EventDate "2023.05.03"]

1. d4 Nf6 2. c4 g6 3. Nc3 Bg7 4. e4 d6 5. Be2 O-O 6. Nf3 Na6 7. O-O e5 8. Be3
Qe7 9. dxe5 dxe5 10. Nd5 Qd8 11. Qc2 Ng4 12. Rad1 Nxe3 13. Nxe3 Qe7 14. Nd5 Qd6
15. a3 c5 16. Nd2 Rd8 17. Nb1 Nb8 18. Qb3 Nc6 19. Nb6 Nd4 20. Rxd4 exd4 21. Nxa8
Be5 22. g3 d3 23. Bf3 b5 24. Qxb5 Be6 25. Qb7 Rb8 26. Qxa7 Rxb2 27. Qa5 d2 28.
Rd1 Rxb1 29. Rxb1 Qd3 30. Qxc5 Qxb1+ 31. Kg2 Qb2 32. Bd1 Qa1 33. Be2 Bd4 34. Qd6
h5 35. Nc7 Bg4 36. Qd8+ Kh7 37. Bxg4 hxg4 38. Qh4+ Kg7 39. Ne6+ fxe6 40. Qe7+
Kh6 41. Qh4+ Kg7 42. Qe7+ Kg8 43. Qd8+ Kf7 44. Qd7+ Kf6 45. Qd8+ Ke5 46. Qg5+
Kd6 47. Qd8+ Kc6 48. Qc8+ Kb6 49. Qb8+ Kc6 50. Qc8+ Kd6 51. Qd8+ Kc6 52. Qc8+ 1/2-1/2

[Event "Stepan Avagyan Mem 2023"]
[Site "Jermuk ARM"]
[Date "2023.05.04"]
[Round "2.2"]
[White "Hovhannisyan, Robert"]
[Black "Svane, Frederik"]
[Result "1-0"]
[WhiteTitle "GM"]
[BlackTitle "GM"]
[WhiteElo "2596"]
[BlackElo "2600"]
[WhiteFideId "13302507"]
[BlackFideId "12923044"]
[EventDate "2023.05.03"]

1. e4 e6 2. d4 d5 3. Nc3 Nf6 4. Bg5 Bb4 5. e5 h6 6. Bd2 Bxc3 7. bxc3 Ne4 8. Bc1
Nxc3 9. Qg4 g6 10. Ne2 Nxe2 11. Bxe2 b6 12. h4 Ba6 13. h5 Bxe2 14. Kxe2 g5 15.
f4 Qd7 16. fxg5 Qa4 17. c3 Qc4+ 18. Kd2 hxg5 19. Qxg5 Nc6 20. Qf4 Na5 21. g4 c5
22. g5 Rc8 23. h6 cxd4 24. Qxd4 Rc5 25. Qxc4 Nxc4+ 26. Ke2 Nxe5 27. Be3 Rxc3 28.
Bd4 Rc4 29. Rac1 Rh7 30. Bxe5 Re4+ 31. Kd3 Rxe5 32. Rc8+ Kd7 33. Rg8 Kd6 34. Rh5 1-0

[Event "Stepan Avagyan Mem 2023"]
[Site "Jermuk ARM"]
[Date "2023.05.04"]
[Round "2.3"]
[White "Nguyen, Thai Dai Van"]
[Black "Martirosyan, Haik M."]
[Result "1/2-1/2"]
[WhiteTitle "GM"]
[BlackTitle "GM"]
[WhiteElo "2649"]
[BlackElo "2675"]
[WhiteFideId "358878"]
[BlackFideId "13306553"]
[EventDate "2023.05.03"]

1. e4 e5 2. Nf3 Nc6 3. Bb5 Nf6 4. d3 Bc5 5. Bxc6 dxc6 6. O-O Nd7 7. c3 O-O 8. d4
Bd6 9. Bg5 f6 10. Bh4 Qe8 11. Nbd2 Nb6 12. Bg3 exd4 13. Nxd4 Bxg3 14. hxg3 a5
15. Re1 a4 16. Qc2 Qf7 17. b3 c5 18. N4f3 Bg4 19. Nf1 Nd7 20. Ne3 Be6 21. c4 Nb8
22. bxa4 Nc6 23. Nd5 Rfe8 24. e5 Bxd5 25. cxd5 Nxe5 26. Nxe5 fxe5 27. Qxc5 Rxa4
28. Qb5 Rd4 29. Qxb7 1/2-1/2

[Event "Stepan Avagyan Mem 2023"]
[Site "Jermuk ARM"]
[Date "2023.05.04"]
[Round "2.4"]
[White "Esipenko, Andrey"]
[Black "Sevian, Samuel"]
[Result "0-1"]
[WhiteTitle "GM"]
[BlackTitle "GM"]
[WhiteElo "2679"]
[BlackElo "2684"]
[WhiteFideId "24175439"]
[BlackFideId "2040506"]
[EventDate "2023.05.03"]

1. d4 Nf6 2. c4 e6 3. Nf3 d5 4. g3 dxc4 5. Bg2 c5 6. O-O Nc6 7. Qa4 Bd7 8. Qxc4
cxd4 9. Nxd4 Rc8 10. Nc3 Nxd4 11. Qxd4 Bc5 12. Qh4 h6 13. Bxb7 Rb8 14. Bg2 Rb4
15. e4 Bd4 16. a3 Rc4 17. Bd2 O-O 18. Kh1 Bc6 19. f3 Qb8 20. Rab1 Nd7 21. Ne2
Bf6 22. Qf4 Rc2 23. Rfc1 Rxb2 24. Rxb2 Qxb2 25. Rxc6 Ne5 26. Rc1 Rd8 27. Bc3
Qxe2 28. Bf1 Qxf3+ 29. Qxf3 Nxf3 30. Bxf6 gxf6 31. Be2 Nd4 32. Bh5 Rd7 33. Rd1
e5 34. Rc1 Kg7 35. h4 Rb7 36. Rc5 Nb5 37. a4 Nd6 38. Bf3 Kg6 39. Rd5 Nc4 40. Rd8
Rb4 41. Rg8+ Kh7 42. Rd8 Rxa4 43. Bh5 Ra1+ 44. Kh2 Ra2+ 45. Kh3 Rd2 46. Rc8 Nb6
47. Rc6 Kg7 48. Bg4 Rd4 49. Rc7 Nc4 50. Be6 Nd6 51. Rd7 h5 52. Kg2 a5 53. Kf3 a4 0-1

[Event "Stepan Avagyan Mem 2023"]
[Site "Jermuk ARM"]
[Date "2023.05.04"]
[Round "2.5"]
[White "Narayanan, S.L."]
[Black "Tabatabaei, M. Amin"]
[Result "1/2-1/2"]
[WhiteTitle "GM"]
[BlackTitle "GM"]
[WhiteElo "2661"]
[BlackElo "2677"]
[WhiteFideId "5058422"]
[BlackFideId "12521213"]
[EventDate "2023.05.03"]

1. d4 Nf6 2. c4 e6 3. Nc3 Bb4 4. Qc2 d5 5. a3 Bxc3+ 6. Qxc3 O-O 7. Bg5 dxc4 8.
Qxc4 b6 9. Rd1 Ba6 10. Qa4 h6 11. Bh4 Qe8 12. Qxe8 Rxe8 13. Bxf6 gxf6 14. Nf3
Nd7 15. e3 Bb7 16. Bb5 Red8 17. Rc1 c6 18. Be2 c5 19. O-O Rac8 20. Rfd1 Bxf3 21.
gxf3 cxd4 22. Rxc8 Rxc8 23. Rxd4 Rc7 24. Kg2 f5 25. f4 Kf8 26. Rc4 Rxc4 27. Bxc4
Ke7 28. f3 Kd6 29. Kf2 Kc5 30. Bd3 a5 31. b3 Nf6 32. Ke2 b5 33. Kd2 Nd5 34. Bc2
Ne7 35. Bd3 Nd5 36. Bc2 b4 37. a4 Ne7 38. Bd3 Nc8 39. Bf1 Nd6 40. Kd3 f6 41. e4
Nc8 42. Ke3 Ne7 43. Bd3 fxe4 44. fxe4 e5 45. f5 Nc8 1/2-1/2

[Event "Stepan Avagyan Mem 2023"]
[Site "Jermuk ARM"]
[Date "2023.05.05"]
[Round "3.1"]
[White "Tabatabaei, M. Amin"]
[Black "Davtyan, Artur"]
[Result "1-0"]
[WhiteTitle "GM"]
[BlackTitle "IM"]
[WhiteElo "2677"]
[BlackElo "2506"]
[WhiteFideId "12521213"]
[BlackFideId "13308327"]
[EventDate "2023.05.03"]

1. e4 e5 2. Nf3 Nc6 3. Bb5 a6 4. Ba4 Nf6 5. O-O Be7 6. d3 b5 7. Bb3 d6 8. c3 O-O
9. h3 Na5 10. Bc2 c5 11. d4 Qc7 12. d5 c4 13. b4 cxb3 14. axb3 Bd7 15. Be3 Rfc8
16. Bd3 Bd8 17. Nfd2 Qb8 18. Qe2 Bb6 19. b4 Nc4 20. Bxc4 bxc4 21. Bxb6 Qxb6 22.
Ra5 Bb5 23. Na3 Nd7 24. Ra1 Qb7 25. Qe1 g6 26. Nf1 Kg7 27. Qb1 Rcb8 28. Ra2 Nf6
29. Nd2 Rc8 30. Qa1 Bd7 31. Naxc4 Qc7 32. Rxa6 Rxa6 33. Rxa6 Bb5 34. Ra7 Qb8 35.
Ne3 Rxc3 36. Rxf7+ Kxf7 37. Qxc3 Qa7 38. Ng4 Nh5 39. g3 Kg7 40. Kg2 1-0

[Event "Stepan Avagyan Mem 2023"]
[Site "Jermuk ARM"]
[Date "2023.05.05"]
[Round "3.2"]
[White "Sevian, Samuel"]
[Black "Narayanan, S.L."]
[Result "1/2-1/2"]
[WhiteTitle "GM"]
[BlackTitle "GM"]
[WhiteElo "2684"]
[BlackElo "2661"]
[WhiteFideId "2040506"]
[BlackFideId "5058422"]
[EventDate "2023.05.03"]

1. d4 Nf6 2. c4 e6 3. Nc3 Bb4 4. e3 O-O 5. Bd3 d5 6. a3 Bxc3+ 7. bxc3 dxc4 8.
Bxc4 c5 9. Nf3 Qc7 10. Be2 cxd4 11. cxd4 b6 12. Bb2 Ba6 13. O-O Bxe2 14. Qxe2
Nbd7 15. e4 Rfc8 16. Rfc1 Qb7 17. Re1 Rc7 18. Rad1 Rac8 19. Rd2 Rc4 20. Qd3 h6
21. h3 b5 22. Rde2 a5 23. Nd2 Rc2 24. Nf1 Rxe2 25. Rxe2 b4 26. axb4 axb4 27. Nd2 1/2-1/2

[Event "Stepan Avagyan Mem 2023"]
[Site "Jermuk ARM"]
[Date "2023.05.05"]
[Round "3.3"]
[White "Martirosyan, Haik M."]
[Black "Esipenko, Andrey"]
[Result "1/2-1/2"]
[WhiteTitle "GM"]
[BlackTitle "GM"]
[WhiteElo "2675"]
[BlackElo "2679"]
[WhiteFideId "13306553"]
[BlackFideId "24175439"]
[EventDate "2023.05.03"]

1. d4 d5 2. c4 e6 3. Nf3 Nf6 4. Nc3 c5 5. cxd5 cxd4 6. Qxd4 exd5 7. e4 dxe4 8.
Qxd8+ Kxd8 9. Ng5 Be6 10. a3 Nbd7 11. Ncxe4 Nxe4 12. Nxe4 h6 13. Bf4 g5 14. Bd2
f5 15. Bc3 Rh7 16. Ng3 Bg7 17. Bxg7 Rxg7 18. h4 f4 19. Ne2 Ne5 20. Nd4 Bg8 21.
hxg5 hxg5 22. Be2 Kc7 23. Rc1+ Kb6 24. Nf5 Rd7 25. Rh6+ Nc6 26. Nd6 Rh7 27. Rxh7
Bxh7 28. Bf3 Nd4 29. Nc8+ Ka6 30. Rc7 Nxf3+ 31. gxf3 Bg8 32. b4 Be6 33. Nd6 Kb6
34. Rc5 Rd8 35. Ne4 g4 36. Rg5 Rd5 37. Rg6 Re5 38. Kd2 Kb5 39. Kc3 b6 40. Nd6+
Ka4 41. fxg4 Kxa3 42. Rf6 a5 43. Rxf4 axb4+ 44. Rxb4 Rc5+ 45. Nc4+ Ka2 46. Ra4+
Kb1 47. Kd3 b5 48. Rb4+ Ka2 49. Ne3 Ka3 50. Rd4 Bb3 51. f4 b4 52. f5 Ba4 53.
Nc4+ Ka2 54. f6 Be8 55. Nd6 Bg6+ 56. Ke3 b3 57. Ra4+ Kb1 58. Nc4 Rc6 59. g5 Rc5
60. Kd2 Rxg5 61. Na3+ Kb2 62. Nc4+ Kb1 1/2-1/2

[Event "Stepan Avagyan Mem 2023"]
[Site "Jermuk ARM"]
[Date "2023.05.05"]
[Round "3.4"]
[White "Svane, Frederik"]
[Black "Nguyen, Thai Dai Van"]
[Result "1/2-1/2"]
[WhiteTitle "GM"]
[BlackTitle "GM"]
[WhiteElo "2600"]
[BlackElo "2649"]
[WhiteFideId "12923044"]
[BlackFideId "358878"]
[EventDate "2023.05.03"]

1. Nf3 Nf6 2. d4 d5 3. Bf4 c5 4. e3 Nc6 5. Nbd2 e6 6. c3 cxd4 7. exd4 Nh5 8. Be3
Bd6 9. Ne5 Nf6 10. Ndf3 Qc7 11. Bd3 Nd7 12. Nxc6 bxc6 13. O-O O-O 14. Qc2 h6 15.
Rac1 a5 16. c4 dxc4 17. Bxc4 Ba6 18. Bxa6 Rxa6 19. Qe2 Rfa8 20. a3 a4 21. g3 Qa5
22. Rc2 Qd5 23. Rfc1 Rb6 24. Ne5 Bxe5 25. dxe5 Nxe5 26. Rc5 Qe4 27. Qc2 Nf3+ 28.
Kh1 Qg4 29. Kg2 Nh4+ 30. Kg1 Nf3+ 31. Kg2 Nd4 32. Bxd4 Qxd4 33. Rc3 c5 34. Qe2
Rd8 35. Rxc5 Rxb2 36. Qf3 Rb3 37. R5c3 Rxc3 38. Rxc3 Rd7 39. Qc6 Qd5+ 40. Qxd5
Rxd5 41. Rc4 Ra5 42. h4 1/2-1/2

[Event "Stepan Avagyan Mem 2023"]
[Site "Jermuk ARM"]
[Date "2023.05.05"]
[Round "3.5"]
[White "Yakubboev, Nodirbek"]
[Black "Hovhannisyan, Robert"]
[Result "1-0"]
[WhiteTitle "GM"]
[BlackTitle "GM"]
[WhiteElo "2630"]
[BlackElo "2596"]
[WhiteFideId "14203987"]
[BlackFideId "13302507"]
[EventDate "2023.05.03"]

1. c4 e5 2. g3 c6 3. d4 Bb4+ 4. Bd2 Bxd2+ 5. Qxd2 d6 6. Nc3 Nf6 7. O-O-O Nbd7 8.
dxe5 Nxe5 9. e4 Be6 10. b3 Qa5 11. h3 b5 12. cxb5 O-O 13. Kb1 Qb4 14. f3 Rfd8
15. Rh2 d5 16. f4 Nxe4 17. Nxe4 Qxe4+ 18. Kb2 Nf3 19. Nxf3 Qxf3 20. Rf2 Qxg3 21.
Rg2 Qh4 22. Qd4 g6 23. bxc6 Rac8 24. Rc2 Rc7 25. b4 Bxh3 26. Rh2 Rxc6 27. Rxh3
Qg4 28. Re3 Qh4 29. f5 Qf2+ 30. Re2 Qxf5 31. Rf2 Qe6 32. Bd3 Rb6 33. a3 Rdb8 34.
Rh1 h5 35. Rxh5 gxh5 36. Rg2+ Kf8 37. Qg7+ Ke8 38. Re2 Rxb4+ 39. axb4 Rxb4+ 40.
Kc1 Re4 41. Bxe4 dxe4 42. Qg8+ Ke7 43. Qg5+ f6 44. Qg7+ Kd6 45. Rd2+ 1-0

[Event "Stepan Avagyan Mem 2023"]
[Site "Jermuk ARM"]
[Date "2023.05.06"]
[Round "4.1"]
[White "Davtyan, Artur"]
[Black "Hovhannisyan, Robert"]
[Result "0-1"]
[WhiteTitle "IM"]
[BlackTitle "GM"]
[WhiteElo "2506"]
[BlackElo "2596"]
[WhiteFideId "13308327"]
[BlackFideId "13302507"]
[EventDate "2023.05.03"]

1. e4 e5 2. Nf3 Nc6 3. Bb5 a6 4. Ba4 Nf6 5. O-O Be7 6. Re1 b5 7. Bb3 Bb7 8. d4
Nxd4 9. Bxf7+ Kf8 10. Nxe5 d6 11. Qxd4 dxe5 12. Qxd8+ Rxd8 13. Bb3 Nxe4 14. Be3
Nc5 15. Nd2 Nxb3 16. Nxb3 Kf7 17. c4 bxc4 18. Na5 Bd5 19. Rec1 Rd7 20. Nxc4 Ke6
21. a3 g5 22. Rc3 Bf6 23. Re1 g4 24. Bf4 Bxc4 25. Rxc4 Kd5 26. Rc2 exf4 27. Rd2+
Bd4 28. Rxd4+ Kxd4 29. Rd1+ Kc4 30. Rxd7 c5 31. Rc7 a5 32. Rb7 Rd8 33. Kf1 f3
34. gxf3 gxf3 35. Ke1 a4 36. h3 h5 37. Rb6 Rd3 38. Rb7 Rb3 39. Rf7 Rxb2 40. Rf4+
Kd3 41. Rxf3+ Kc2 42. Rf4 Rb8 43. Rxa4 Re8+ 44. Kf1 Kb3 45. Ra5 c4 46. Rb5+ Kxa3
47. Rxh5 c3 48. Rc5 Kb4 49. Rc7 Re4 50. Kg2 Rc4 51. Rb7+ Ka3 52. Ra7+ Kb3 53.
Ra1 c2 54. Kf3 c1=Q 55. Rxc1 Rxc1 56. Ke4 Kc4 57. f4 Re1+ 58. Kf5 Kd5 59. h4 Rh1 0-1

[Event "Stepan Avagyan Mem 2023"]
[Site "Jermuk ARM"]
[Date "2023.05.06"]
[Round "4.2"]
[White "Nguyen, Thai Dai Van"]
[Black "Yakubboev, Nodirbek"]
[Result "1/2-1/2"]
[WhiteTitle "GM"]
[BlackTitle "GM"]
[WhiteElo "2649"]
[BlackElo "2630"]
[WhiteFideId "358878"]
[BlackFideId "14203987"]
[EventDate "2023.05.03"]

1. d4 Nf6 2. c4 e6 3. Nf3 d5 4. Nc3 h6 5. e3 a6 6. Qc2 b6 7. cxd5 exd5 8. Bd3
Bb7 9. O-O Bd6 10. e4 dxe4 11. Nxe4 O-O 12. Re1 Nxe4 13. Bxe4 Bxe4 14. Qxe4 Nd7
15. Qc6 Re8 16. Bd2 Nf6 17. Nh4 Qd7 18. Qxd7 Nxd7 19. Nf5 Nf6 20. Nxd6 cxd6 21.
Rac1 Nd5 22. Rc6 Rxe1+ 23. Bxe1 Rd8 24. Bd2 Kf8 25. Kf1 Ke7 26. Ke2 Kd7 27. Rc1
Rc8 28. Rb1 h5 29. Kd3 Re8 30. h3 b5 31. Ra1 Rb8 32. Ke4 Nf6+ 33. Kd3 Nd5 34.
Ke4 Nf6+ 35. Kd3 Nd5 36. Ke4 1/2-1/2

[Event "Stepan Avagyan Mem 2023"]
[Site "Jermuk ARM"]
[Date "2023.05.06"]
[Round "4.3"]
[White "Esipenko, Andrey"]
[Black "Svane, Frederik"]
[Result "1/2-1/2"]
[WhiteTitle "GM"]
[BlackTitle "GM"]
[WhiteElo "2679"]
[BlackElo "2600"]
[WhiteFideId "24175439"]
[BlackFideId "12923044"]
[EventDate "2023.05.03"]

1. d4 Nf6 2. c4 e6 3. g3 d5 4. Nf3 Be7 5. Bg2 O-O 6. Qc2 c5 7. dxc5 Qa5+ 8. Nc3
dxc4 9. O-O Nc6 10. Bg5 Qxc5 11. Bxf6 gxf6 12. Rad1 f5 13. e4 Bf6 14. a3 Bg7 15.
Rfe1 Ne7 16. Qc1 a5 17. h4 Ra6 18. a4 Rd6 19. Rxd6 Qxd6 20. exf5 Nxf5 21. Re4 1/2-1/2

[Event "Stepan Avagyan Mem 2023"]
[Site "Jermuk ARM"]
[Date "2023.05.06"]
[Round "4.4"]
[White "Narayanan, S.L."]
[Black "Martirosyan, Haik M."]
[Result "1/2-1/2"]
[WhiteTitle "GM"]
[BlackTitle "GM"]
[WhiteElo "2661"]
[BlackElo "2675"]
[WhiteFideId "5058422"]
[BlackFideId "13306553"]
[EventDate "2023.05.03"]

1. d4 Nf6 2. c4 e6 3. Nf3 d5 4. Nc3 Nbd7 5. g3 Be7 6. Bg2 O-O 7. Qd3 a6 8. Ne5
c6 9. Nxd7 Nxd7 10. O-O b5 11. cxd5 cxd5 12. e4 Nb6 13. exd5 Nxd5 14. Nxd5 exd5
15. Bf4 Be6 16. Rfc1 Qb6 17. Bc7 Qa7 18. Rc6 Rac8 19. Rac1 Bf6 20. R1c5 Be7 21.
Rc1 Bf6 22. R1c5 Be7 23. Rc1 1/2-1/2

[Event "Stepan Avagyan Mem 2023"]
[Site "Jermuk ARM"]
[Date "2023.05.06"]
[Round "4.5"]
[White "Tabatabaei, M. Amin"]
[Black "Sevian, Samuel"]
[Result "1/2-1/2"]
[WhiteTitle "GM"]
[BlackTitle "GM"]
[WhiteElo "2677"]
[BlackElo "2684"]
[WhiteFideId "12521213"]
[BlackFideId "2040506"]
[EventDate "2023.05.03"]

1. d4 Nf6 2. c4 e6 3. g3 d5 4. Bg2 dxc4 5. Nf3 c5 6. O-O Nc6 7. dxc5 Qxd1 8.
Rxd1 Bxc5 9. Nbd2 c3 10. bxc3 O-O 11. Nb3 Be7 12. c4 Bd7 13. a4 Rfd8 14. Be3
Rac8 15. a5 Ng4 16. Bc5 Be8 17. Bxe7 Nxe7 18. Nfd4 Rxc4 19. Bxb7 Rb4 20. a6 g6
21. Rd2 Rd6 22. Rc1 Ne5 23. e3 Ba4 24. Nc5 Rdb6 25. Kg2 Nd5 26. Nxa4 Rxa4 27.
Nf3 Rc4 28. Rxc4 Nxc4 29. Rd4 Nd6 30. Bxd5 exd5 31. Rxd5 Rxa6 32. g4 Kf8 33. h4
Ke7 34. Nd4 Ra2 35. Kf3 a6 36. Re5+ Kf6 37. Rd5 Ke7 38. h5 Rb2 39. Re5+ Kd7 40.
Ra5 Rb6 41. Rd5 1/2-1/2

[Event "Stepan Avagyan Mem 2023"]
[Site "Jermuk ARM"]
[Date "2023.05.07"]
[Round "5.1"]
[White "Sevian, Samuel"]
[Black "Davtyan, Artur"]
[Result "1-0"]
[WhiteTitle "GM"]
[BlackTitle "IM"]
[WhiteElo "2684"]
[BlackElo "2506"]
[WhiteFideId "2040506"]
[BlackFideId "13308327"]
[EventDate "2023.05.03"]

1. c4 e6 2. Nc3 d5 3. d4 Nf6 4. Nf3 c5 5. cxd5 Nxd5 6. e3 Nc6 7. Bc4 cxd4 8.
exd4 Bb4 9. Bd2 O-O 10. a3 Be7 11. Ba2 Bf6 12. O-O Nde7 13. Ne4 Bxd4 14. Nxd4
Qxd4 15. Qc2 e5 16. Be3 Qd8 17. Rad1 Nd4 18. Qc5 Nec6 19. Bxd4 exd4 20. Bd5 Qb6
21. Bxc6 bxc6 22. Qxd4 Bf5 23. Nc5 Rad8 24. Qe5 Bc2 25. Rd7 Rfe8 26. Re7 Qb8 27.
Rxe8+ Rxe8 28. Qc3 Bf5 29. Re1 h6 30. Rxe8+ Qxe8 31. h3 Qd8 32. Qe5 Bg6 33. b4
Kh7 34. Kh2 Qd2 35. f3 f6 36. Qc7 Bf5 37. Nb7 Qe3 38. a4 Qd4 39. Qd6 Qb6 40. Nd8
Qa6 41. Qxc6 Qd3 42. Qc7 a6 43. Nb7 Qd4 44. b5 Qxa4 45. b6 Qh4 46. Qg3 Qb4 47.
Nd6 Bd7 48. b7 g5 49. Nb5 1-0

[Event "Stepan Avagyan Mem 2023"]
[Site "Jermuk ARM"]
[Date "2023.05.07"]
[Round "5.2"]
[White "Martirosyan, Haik M."]
[Black "Tabatabaei, M. Amin"]
[Result "1/2-1/2"]
[WhiteTitle "GM"]
[BlackTitle "GM"]
[WhiteElo "2675"]
[BlackElo "2677"]
[WhiteFideId "13306553"]
[BlackFideId "12521213"]
[EventDate "2023.05.03"]

1. d4 Nf6 2. c4 e6 3. Nf3 d5 4. Nc3 c5 5. e3 Nc6 6. cxd5 exd5 7. Bb5 cxd4 8.
exd4 Bd6 9. O-O O-O 10. Bg5 Bg4 11. Be2 Re8 12. h3 Bxf3 13. Bxf3 h6 14. Bh4 g5
15. Bg3 Bxg3 16. fxg3 Qd6 17. Qd2 Kg7 18. Qf2 Re7 19. Rad1 Rd8 20. a3 a6 21. Kh1
Rde8 22. g4 Nd8 23. Kg1 Kg8 24. Rd2 Ne6 25. Ne2 Ng7 26. Rc2 h5 27. gxh5 Ngxh5
28. Rc3 Ng7 29. Qg3 Qxg3 30. Nxg3 Re3 31. Rc7 R8e7 32. Rc8+ Re8 33. Rxe8+ Rxe8
34. Rc1 Ne4 35. Kh2 Re7 36. Rc8+ Kh7 37. Rd8 Nxg3 38. Kxg3 Nf5+ 39. Kg4 Nxd4 40.
Bxd5 f6 41. Rb8 b5 42. Rb6 Kg6 43. Rxa6 Re5 44. Bf3 Re3 45. b4 Nc2 46. h4 gxh4
47. Kf4 Rxa3 48. Be4+ Kf7 49. Ra5 Rc3 50. Rxb5 Nd4 51. Rb7+ Ke6 52. Rb6+ Ke7 53.
Bd5 h3 54. gxh3 Rxh3 55. Ke4 Nc2 56. Re6+ Kd7 57. Rxf6 Nxb4 58. Be6+ Ke7 59.
Bxh3 Kxf6 1/2-1/2

[Event "Stepan Avagyan Mem 2023"]
[Site "Jermuk ARM"]
[Date "2023.05.07"]
[Round "5.3"]
[White "Svane, Frederik"]
[Black "Narayanan, S.L."]
[Result "1-0"]
[WhiteTitle "GM"]
[BlackTitle "GM"]
[WhiteElo "2600"]
[BlackElo "2661"]
[WhiteFideId "12923044"]
[BlackFideId "5058422"]
[EventDate "2023.05.03"]

1. e4 e5 2. Nf3 Nc6 3. Bb5 a6 4. Ba4 Nge7 5. c3 Ng6 6. d4 exd4 7. h4 d3 8. Qxd3
h5 9. Be3 Be7 10. Nbd2 d6 11. O-O-O Bd7 12. Bb3 Nce5 13. Nxe5 Nxe5 14. Qe2 a5
15. a3 a4 16. Ba2 Qc8 17. Bd4 O-O 18. Bxe5 dxe5 19. Qxh5 Bg4 20. Qxe5 Bxd1 21.
Rxd1 Bd6 22. Qg5 Re8 23. f4 Ra6 24. Qh5 Rf8 25. e5 Be7 26. Ne4 Rh6 27. Qf3 Rxh4
28. f5 Kh8 29. g3 Rh6 30. f6 gxf6 31. exf6 Bd6 32. Rh1 Rxh1+ 33. Qxh1+ Kg8 34.
Qh5 1-0